000 00754nam a2200253 a 4500
008
020 _a0849338069 (hbk.)
049 _aMAIN
090 _aTP155.75
_bCIN
100 1 _aCinar, Ali.
245 1 0 _aChemical process perfofmance evaluation/
_b Ali Cinar, Ahmet Palazoglu and Ferhan Kayihan.
260 _aLondon :
_bCRC press,
_c2007.
440 _aChemical industries.
500 _aIncludes index.
500 _aIncludes bibliographical references.
650 1 _aChemical process control.
700 _aKayihan, Ferhan.
700 _aPalazoglu, Ahmet.
907 _a.b10297297
_b21-02-13
_c27-05-11
003
005 20230123125300.0
040 _cNUST
942 _cBOOKS
_kTP155.75
_mCIN
999 _c138856
_d138856